000
00405nam a2200133Ia 4500
008
100328s9999 xx 000 0 und d
082
_b
8193
100
_a
आपटे ह.ना.
245
_a
प्रश्नोपनिषते
260
_b
आनंदाश्रम
630
_a
प्रश्नोपनिषते
730
_a
प्रश्नोपनिषते
942
_c
BOOK
999
_c
503985
_d
503982